Malaysia Airlines Fleet - Statistics

General Stats
  • This quiz has been taken 28 times
  • The average score is 6 of 7
Answer Stats
Hint Answer % Correct
Airbus A350-900
91%
Boeing 737-800
87%
Airbus A330-300
87%
Airbus A330-200
83%
Airbus A330-900
83%
Boeing 737 MAX 8
78%
Boeing(order) 737 MAX 10
57%
No matching quizzes found
Score Distribution
Percent of People with Each Score
Percentile by Number Answered
Your Score History
You have not taken this quiz